000 00639nam a2200229Ia 4500
003 GCL
008 140319s9999 xx 000 0 ara d
040 _aGCL /
_cGCL
082 0 4 _a811.00922
_bم ص
100 1 _aمحمد على هدية
245 1 0 _aالصورة فى شعر الديوانيين /
_cمحمد على هدية
260 _a[S.N] :
_bلا يوجد ،
_c1984
300 _a331 ص
490 _a
650 0 4 _aالشعر العربى
650 0 4 _aالعصر الحديث
650 0 4 _aمصر
650 0 4 _aدواوين وقصائد
650 0 4 _aالشعر
650 0 4 _aتاريخ ونقد
942 _2ddc
_cBK
999 _c29365
_d29365